Sports Quiz

Random Sports or Football Quiz

Football League Team Endings Quiz Stats

 Plays Quiz not verified by Sporcle

Support Sporcle.
Go Orange.
Score 0/21 Timer 05:00
0 Plays Today
Team Name % Correct
United
97.3%
City
97.2%
Town
88.8%
Rovers
82.1%
Albion
79.8%
Wanderers
78.5%
Athletic
76.1%
County
71.5%
Villa
69.7%
Hotspur
68.3%
Wednesday
61.2%
Team Name % Correct
Rangers
61%
Forest
58.8%
Argyle
56.6%
Palace
53.8%
Dons
44.7%
North End
44.7%
Vale
42.4%
Stanley
42.3%
Alexandra
39.9%
Orient
38.5%

You're not logged in!

Compare scores with friends on all Sporcle quizzes.
OR
Log In

From the Vault

50 Greatest Live Albums Of All Time

by Talkinghead

Even if you can't make it to see these artists live, these albums will make you feel like you were there.
Remove Ads.
Support Sporcle.
Get the best of Sporcle when you Go Orange. This ad-free experience offers more features, more stats, and more fun while also helping to support Sporcle. Thank you for becoming a member.

Show Comments

Extras

Top Quizzes Today


Score Distribution

Your Account Isn't Verified!

In order to create a playlist on Sporcle, you need to verify the email address you used during registration. Go to your Sporcle Settings to finish the process.

Report this User

Report this user for behavior that violates our Community Guidelines.

Details: